书目信息 |
| 题名: |
知“性”家长这样做
|
|
| 作者: | 陈海苑 , 万莉莉 著 | |
| 分册: | ||
| 出版信息: | 广州 暨南大学出版社 2017 |
|
| 页数: | 10,282页 | |
| 开本: | 25cm | |
| 丛书名: | 广州市番禺区培智学校“心舞动”丛书 | |
| 单 册: | ||
| 中图分类: | G764 | |
| 科图分类: | ||
| 主题词: | 弱智儿童--性教育--教学参考资料 , 学校教育--性教育--教学参考资料 | |
| 电子资源: | ||
| ISBN: | 978-7-5668-2223-9 | |
| 000 | 01142oam2 2200277 450 | |
| 001 | 3686 | |
| 005 | 20180527174933.11 | |
| 010 | @a978-7-5668-2223-9@dCNY58.00 | |
| 100 | @a20180315d2017 em y0chiy50 ea | |
| 101 | 0 | @achi |
| 102 | @aCN@b440000 | |
| 105 | @ay z 000yy | |
| 200 | 1 | @a知“性”家长这样做@9zhi “ xing ” jia zhang zhe yang zuo@e智障学生性教育实用手册@e家长用书@f陈海苑,万莉莉著 |
| 210 | @a广州@c暨南大学出版社@d2017 | |
| 215 | @a10,282页@c图@d25cm | |
| 225 | 1 | @a广州市番禺区培智学校“心舞动”丛书 |
| 300 | @a本书为广州市教育科学“十二五”规划项目课题“智障学生性教育校本课程开发的研究”(编号:2013B291)最终成果 | |
| 330 | @a全书分“男孩篇”“女孩篇”“综合篇”三篇,共44个主题,简明扼要地告诉家长需要教哪些内容、怎么教这些内容、教的时候要注意什么,如何评价自己的孩子掌握哪些内容及自己教过哪些内容等。 | |
| 461 | 0 | @12001 @a广州市番禺区培智学校“心舞动”丛书 |
| 606 | 0 | @a弱智儿童@x性教育@j教学参考资料 |
| 606 | 0 | @a学校教育@x性教育@j教学参考资料 |
| 690 | @aG764@v5 | |
| 701 | 0 | @a陈海苑@9chen hai yuan@4著 |
| 701 | 0 | @a万莉莉@9wan li li@4著 |
| 801 | 0 | @aCN@b91MARC@c20180315 |
| 905 | @aMuseLib@dG764@e110 | |
| 知“性”家长这样做:智障学生性教育实用手册:家长用书/陈海苑,万莉莉著.-广州:暨南大学出版社,2017 |
| 10,282页:图;25cm.-(广州市番禺区培智学校“心舞动”丛书) |
| 本书为广州市教育科学“十二五”规划项目课题“智障学生性教育校本课程开发的研究”(编号:2013B291)最终成果 |
| ISBN 978-7-5668-2223-9:CNY58.00 |
| 全书分“男孩篇”“女孩篇”“综合篇”三篇,共44个主题,简明扼要地告诉家长需要教哪些内容、怎么教这些内容、教的时候要注意什么,如何评价自己的孩子掌握哪些内容及自己教过哪些内容等。 |
| ● |
| 相关链接 |
|
|
|
|
正题名:知"性"家长这样做
索取号:G764/110
 
预约/预借
| 序号 | 登录号 | 条形码 | 馆藏地/架位号 | 状态 | 备注 |
| 1 | 1110212 | 211102126 | 第一样本阅览室/ [索取号:G764/110] | 在馆 | |
| 2 | 1110213 | 211102135 | 教育系资料室/ [索取号:G764/110] | 在馆 | |
| 3 | 1110214 | 211102144 | 教育系资料室/ [索取号:G764/110] | 在馆 | |
| 4 | 1110215 | 211102153 | 第四借阅区/ [索取号:G764/110] | 在馆 |